000 00326nam a22001337a 4500
008 181015b xxu||||| |||| 00| 0 eng d
020 _a9780495382300
041 _aeng
080 _212th
_a510
100 _a38
101 _aMAT
245 _aAlgebra and Trigonometry with Analytic Geometry
_cSwokowski,E.W
942 _2udc
_cBK
999 _c49673
_d49673